000 00852nam a2200277 4500
001 30238
003 BD-RjUL
005 20211209051532.0
008 140409s1969 ne ab b 001 0 eng
020 _a0444407030
035 _a(BD-RjUL)30323
040 _aDLC
_cDLC
_dDLC
_dBD-RjUL
_beng
041 _aeng
082 0 0 _a551.608
_bCLI V-4 1969
245 0 0 _aClimate of the free atmosphere /
_cedited by D. F. Rex.
260 _aAmsterdam ;
_aNew York :
_bElsevier Pub. Co.,
_c1969.
300 _ax, 450 p. :
_bi. ;
_c30 cm.
504 _aIncludes bibliographical references.
650 0 _aClimatology.
_991933
650 0 _aAtmosphere, Upper.
_991934
700 1 _aRex, D. F.
_q(Daniel Ferrell),
_d1916-
_991935
942 _2ddc
_cBK
999 _c30238
_d30238